Applied psychology in human resource management / (Record no. 347170)
[ view plain ]
| 000 -LEADER | |
|---|---|
| fixed length control field | 01678 a2200217 4500 |
| 020 ## - INTERNATIONAL STANDARD BOOK NUMBER | |
| International Standard Book Number | 0131484109 (hardcover) |
| 020 ## - INTERNATIONAL STANDARD BOOK NUMBER | |
| International Standard Book Number | 9780131484108 (hardcover) |
| 082 04 - DEWEY DECIMAL CLASSIFICATION NUMBER | |
| Classification number | 658.30019 |
| 090 ## - LOCALLY ASSIGNED LC-TYPE CALL NUMBER (OCLC); LOCAL CALL NUMBER (RLIN) | |
| -- | 4738 |
| -- | 4738 |
| 100 1# - MAIN ENTRY--PERSONAL NAME | |
| Personal name | Cascio, Wayne F. |
| 245 10 - TITLE STATEMENT | |
| Title | Applied psychology in human resource management / |
| Statement of responsibility, etc. | Wayne F Cascio, Herman Aguinis. |
| 250 ## - EDITION STATEMENT | |
| Edition statement | 6th ed. |
| 260 ## - PUBLICATION, DISTRIBUTION, ETC. | |
| Place of publication, distribution, etc. | [S.l.] : |
| Name of publisher, distributor, etc. | Prentice Hall, |
| Date of publication, distribution, etc. | 2004. |
| 300 ## - PHYSICAL DESCRIPTION | |
| Extent | 608 p. ; |
| Dimensions | 24 cm. |
| 490 1# - SERIES STATEMENT | |
| Series statement | 6th edition. |
| 520 ## - SUMMARY, ETC. | |
| Summary, etc. | Interdisciplinary and research-based in approach, this volume integrates psychological theory with tools and methods for dealing with human resource problems in organizations and for making organizations more effective and more satisfying as places to work. It reflects the state of the art in personnel psychology and the dramatic changes that have recently characterized the field, and outlines a forward-looking, progressive model toward which HR specialists should aim. The authors examine organizations, work, and applied psychology, the law and human resource management, the systems approach, criteria, performance management, measuring and interpreting individual differences, fairness in employment decisions, analyzing jobs and work, strategic workforce planning, recruitment and initial screening, managerial selection, training and development, considerations in design and international dimensions of applied psychology. For human resource professionals and others involved in personnel decisions. |
| 700 1# - ADDED ENTRY--PERSONAL NAME | |
| Personal name | Aguinis, Herman. |
| 830 #0 - SERIES ADDED ENTRY--UNIFORM TITLE | |
| Uniform title | 6th edition. |
| 856 40 - ELECTRONIC LOCATION AND ACCESS | |
| Materials specified | Amazon.com |
| Uniform Resource Identifier | <a href="http://www.amazon.com/exec/obidos/ASIN/0131484109/chopaconline-20">http://www.amazon.com/exec/obidos/ASIN/0131484109/chopaconline-20</a> |
| 942 ## - ADDED ENTRY ELEMENTS (KOHA) | |
| Institution code [OBSOLETE] | NBS |
| Koha item type | Book |
| Call number prefix | 658.3001 CAS |
| Withdrawn status | Lost status | Damaged status | Not for loan | Permanent Location | Current Location | Date acquired | Total Checkouts | Full call number | Barcode | Date last seen | Price effective from | Koha item type |
|---|---|---|---|---|---|---|---|---|---|---|---|---|
| Central Library (CL) | Central Library (CL) | 08/28/2013 | 658.3001 CAS | NBS7122 | 08/28/2013 | 08/28/2013 | Book |
